[Event "American Continental 19th"]
[Site "Foz do Iguacu"]
[Date "2025.05.26"]
[Round "5"]
[White "Pimenta, Jeronimo Marques"]
[Black "Carrasco Jacome, Bryan Ricardo"]
[Result "0-1"]
[WhiteElo "1946"]
[BlackElo "2141"]
[PlyCount "88"]
[EventDate "2025.05.23"]
[EventType "swiss"]
[EventRounds "11"]
[EventCountry "BRA"]
[SourceTitle "CB23_2025"]
[SourceDate "2025.06.04"]
[SourceVersion "1"]
[SourceVersionDate "2025.06.04"]
[SourceQuality "1"]

1. d4 Nf6 2. c4 e6 3. Nf3 Bb4+ 4. Bd2 Qe7 5. Qc2 Bxd2+ 6. Nbxd2 d6 7. e3 b6 8. Bd3 Bb7 9. 0-0 c5 10. Ne4 Nbd7 11. Nxf6+ Nxf6 12. e4 e5 13. Qa4+ Qd7 14. Qxd7+ Nxd7 15. d5 Ke7 16. Nh4 g6 17. g3 f6 18. Be2 Rhf8 19. Bg4 Ba6 20. b3 b5 21. Bxd7 Kxd7 22. cxb5 Bxb5 23. Rfe1 a5 24. Ng2 Ra7 25. Ne3 Rfa8 26. f3 a4 27. Rab1 axb3 28. Rxb3 Ra5 29. Reb1 Ba6 30. R1b2 Ra4 31. Rb6 Bc8 32. Rc6 Rxa2 33. Rxa2 Rxa2 34. Nc4 Kd8 35. Nxd6 Bh3 36. Rxc5 h5 37. Rc3 Rg2+ 38. Kh1 Rf2 39. Rc1 Rxf3 40. Nc4 Rd3 41. Re1 Rd4 42. Nd6 Rb4 43. Kg1 Ke7 44. Nc8+ Bxc8 0-1

[Event "Brasilia op"]
[Site "Brasilia"]
[Date "2025.01.08"]
[Round "3"]
[White "Pires, Marcos Vinicius Tor"]
[Black "Pimenta, Jeronimo Marques"]
[Result "1/2-1/2"]
[WhiteElo "2245"]
[BlackElo "1976"]
[PlyCount "92"]
[EventDate "2025.01.07"]
[EventType "swiss"]
[EventRounds "9"]
[EventCountry "BRA"]
[SourceTitle "CB12_2025"]
[SourceDate "2025.03.19"]
[SourceVersion "1"]
[SourceVersionDate "2025.03.19"]
[SourceQuality "1"]

1. d4 Nf6 2. Nf3 e6 3. g3 d5 4. Bg2 Be7 5. 0-0 0-0 6. c4 a5 7. Nc3 b6 8. cxd5 exd5 9. Ne5 Bb7 10. Bf4 Na6 11. Qa4 Bd6 12. Bg5 Be7 13. Nc6 Bxc6 14. Qxc6 Nb4 15. Qa4 c6 16. a3 b5 17. Qd1 Na6 18. Rc1 Ra7 19. a4 b4 20. Nb1 Nb8 21. Nd2 h6 22. Bf4 Bd6 23. Bxd6 Qxd6 24. Nb3 Re8 25. e3 Ne4 26. Re1 Qg6 27. Re2 f5 28. Rec2 Kh7 29. Nc5 Nxc5 30. Rxc5 Qf6 31. Bf1 g6 32. Bd3 h5 33. Qf3 Kg7 34. Qf4 Rd8 35. Kg2 Qd6 36. Qxd6 Rxd6 37. Kf3 Kf6 38. h4 Ke6 39. Kf4 Kd7 40. f3 Kc7 41. R5c2 Kb6 42. Ke5 Rd8 43. Kf6 Rd6+ 44. Ke5 Rd8 45. Kf6 Rd6+ 46. Ke5 Rd8 1/2-1/2

[Event "BRA-ch 90th"]
[Site "Natal"]
[Date "2024.12.13"]
[Round "2"]
[White "Da Silva, Joao Gabriel Morais"]
[Black "Pimenta, Jeronimo Marques"]
[Result "0-1"]
[WhiteElo "1700"]
[BlackElo "1996"]
[PlyCount "62"]
[EventDate "2024.12.13"]
[EventType "swiss"]
[EventRounds "11"]
[EventCountry "BRA"]
[SourceTitle "CB52_2024"]
[SourceDate "2024.12.25"]
[SourceVersion "1"]
[SourceVersionDate "2024.12.25"]
[SourceQuality "1"]

1. d4 Nf6 2. c4 e6 3. Nf3 d5 4. Nc3 c6 5. Bg5 Be7 6. e3 0-0 7. Be2 Ne4 8. Bxe7 Qxe7 9. 0-0 Nd7 10. Rc1 f5 11. Ne5 Nxe5 12. dxe5 Rd8 13. Qc2 Bd7 14. a3 Be8 15. f3 Ng5 16. Kh1 Qc5 17. f4 Nf7 18. cxd5 cxd5 19. Rf3 Bc6 20. b4 Qe7 21. b5 Be8 22. Qb2 a6 23. a4 a5 24. Rff1 Rdc8 25. Bd3 Nd8 26. Ne2 Rc5 27. Nd4 Rac8 28. Qa3 Kf7 29. Nb3 Rc3 30. Qb2 Qb4 31. Bc2 b6 0-1

[Event "Niteroi op 4th"]
[Site "Niteroi"]
[Date "2024.08.31"]
[Round "5"]
[White "Pimenta, Jeronimo Marques"]
[Black "Albano Jeremias, Bianca"]
[Result "0-1"]
[WhiteElo "2047"]
[BlackElo "1938"]
[PlyCount "48"]
[EventDate "2024.08.28"]
[EventType "swiss"]
[EventRounds "7"]
[EventCountry "BRA"]
[SourceTitle "CBM 221 Extra"]
[Source "ChessBase"]
[SourceDate "2024.09.30"]
[SourceVersion "1"]
[SourceVersionDate "2024.09.30"]
[SourceQuality "1"]

1. d4 g6 2. c4 Nf6 3. Nc3 d6 4. e4 Bg7 5. h3 Nbd7 6. Be3 e5 7. d5 h5 8. Bd3 Bh6 9. Bxh6 Rxh6 10. Nf3 h4 11. Qd2 Rh8 12. 0-0-0 Nh5 13. Ng5 Nf4 14. Nf3 Nxg2 15. Rdg1 Nf4 16. Bc2 Nf6 17. Ng5 a6 18. Ba4+ Bd7 19. Bxd7+ Qxd7 20. Kb1 Ke7 21. Ne2 N6h5 22. Nxf4 Nxf4 23. Qe3 Rag8 24. Nf3 Nh5 0-1

[Event "Niteroi op 4th"]
[Site "Niteroi"]
[Date "2024.08.29"]
[Round "2"]
[White "Nascimento, Kaio Vinicius Da Tr"]
[Black "Pimenta, Jeronimo Marques"]
[Result "1-0"]
[WhiteElo "1693"]
[BlackElo "2047"]
[PlyCount "53"]
[EventDate "2024.08.28"]
[EventType "swiss"]
[EventRounds "7"]
[EventCountry "BRA"]
[SourceTitle "CBM 221 Extra"]
[Source "ChessBase"]
[SourceDate "2024.09.30"]
[SourceVersion "1"]
[SourceVersionDate "2024.09.30"]
[SourceQuality "1"]

1. d4 Nf6 2. c4 e6 3. Nc3 d5 4. cxd5 exd5 5. Bg5 Be7 6. Qc2 c6 7. e3 Ne4 8. Bxe7 Kxe7 9. Nxe4 dxe4 10. Qxe4+ Be6 11. Ne2 Nd7 12. Nc3 Nf6 13. Qc2 Rc8 14. Rd1 Qa5 15. Be2 Rhd8 16. 0-0 g6 17. e4 Kf8 18. Qd2 Ng8 19. Bf3 f6 20. Rfe1 b5 21. a3 Bb3 22. Rc1 Qb6 23. d5 Kg7 24. Ne2 cxd5 25. exd5 Rxc1 26. Rxc1 Ne7 27. Qb4 1-0

[Event "Niteroi op 4th"]
[Site "Niteroi"]
[Date "2024.08.29"]
[Round "3"]
[White "Pimenta, Jeronimo Marques"]
[Black "Oliveira, Israel Flavio Felic"]
[Result "1/2-1/2"]
[WhiteElo "2047"]
[BlackElo "1839"]
[PlyCount "53"]
[EventDate "2024.08.28"]
[EventType "swiss"]
[EventRounds "7"]
[EventCountry "BRA"]
[SourceTitle "CBM 221 Extra"]
[Source "ChessBase"]
[SourceDate "2024.09.30"]
[SourceVersion "1"]
[SourceVersionDate "2024.09.30"]
[SourceQuality "1"]

1. d4 Nf6 2. c4 c5 3. d5 e6 4. Nc3 exd5 5. cxd5 d6 6. e4 g6 7. Nf3 a6 8. a4 Bg7 9. Be2 0-0 10. 0-0 Re8 11. Nd2 Nbd7 12. h3 Rb8 13. a5 Ne5 14. f4 Ned7 15. Ra3 b5 16. axb6 Nxb6 17. Bxa6 Bxa6 18. Rxa6 Nh5 19. Qf3 Qh4 20. Nb3 Nc4 21. Ne2 f5 22. exf5 Rxb3 23. Qxb3 Rxe2 24. Ra8+ Kf7 25. Ra7+ Kg8 26. Ra8+ Kf7 27. Ra7+ 1/2-1/2

[Event "Rio de Janeiro op 2nd"]
[Site "Rio de Janeiro"]
[Date "2023.05.03"]
[Round "3"]
[White "Pimenta, Jeronimo Marques"]
[Black "Simas, Breno Matos"]
[Result "1/2-1/2"]
[WhiteElo "2066"]
[BlackElo "1768"]
[PlyCount "44"]
[EventDate "2023.05.02"]
[EventType "swiss"]
[EventRounds "9"]
[EventCountry "BRA"]
[SourceTitle "CBM 214 Extra"]
[Source "ChessBase"]
[SourceDate "2023.07.31"]
[SourceVersion "1"]
[SourceVersionDate "2023.07.31"]
[SourceQuality "1"]

1. d4 d5 2. c4 e6 3. Nc3 Nf6 4. Nf3 Be7 5. e3 0-0 6. Bd3 Nbd7 7. b3 c5 8. 0-0 b6 9. Qe2 Bb7 10. Bb2 Ne4 11. Nd2 Nxd2 12. Qxd2 cxd4 13. exd4 Nf6 14. Qe2 Re8 15. Rad1 Bd6 16. Rfe1 e5 17. Nxd5 Nxd5 18. cxd5 exd4 19. Qxe8+ Qxe8 20. Rxe8+ Rxe8 21. Bxd4 Bxd5 22. Bb5 Rd8 1/2-1/2

[Event "Brasilia Terraviva op"]
[Site "Brasilia"]
[Date "2019.01.13"]
[Round "6"]
[White "Serafim Junior, Arnor"]
[Black "Pimenta, Jeronimo Marques"]
[Result "1/2-1/2"]
[WhiteElo "1857"]
[BlackElo "2080"]
[PlyCount "85"]
[EventDate "2019.01.10"]
[EventType "swiss"]
[EventRounds "7"]
[EventCountry "BRA"]
[SourceTitle "CBM 188 Extra"]
[Source "ChessBase"]
[SourceDate "2019.02.28"]
[SourceVersion "1"]
[SourceVersionDate "2019.02.28"]
[SourceQuality "1"]

1. Nf3 d5 2. g3 Nf6 3. Bg2 g6 4. 0-0 Bg7 5. d3 0-0 6. Nbd2 b6 7. Ne5 Ng4 8. Nxg4 Bxg4 9. c4 c6 10. Rb1 Na6 11. Re1 Qd7 12. b4 dxc4 13. Nxc4 Rad8 14. Ne3 Bc3 15. Nxg4 Qxg4 16. Bd2 Bxd2 17. Qxd2 c5 18. bxc5 Nxc5 19. Rb4 Qd7 20. Qh6 f6 21. Rc1 e5 22. Rbc4 Rf7 23. Bh3 Qd6 24. a4 f5 25. Bf1 f4 26. gxf4 Rxf4 27. Rxf4 exf4 28. Bg2 Rd7 29. Rc4 Ne6 30. Rc6 Qe5 31. Bf3 Nd4 32. Rc4 a6 33. Bg4 b5 34. axb5 axb5 35. Rb4 f3 36. Rxd4 Qxd4 37. Be6+ Rf7 38. Bxf7+ Kxf7 39. Qxh7+ Kf8 40. Qh6+ Kf7 41. exf3 Qxd3 42. Qh7+ Kf6 43. Qh8+ 1/2-1/2

[Event "Brasilia Terraviva op"]
[Site "Brasilia"]
[Date "2019.01.11"]
[Round "3"]
[White "Pimenta, Jeronimo Marques"]
[Black "Rangel, Daniel"]
[Result "1/2-1/2"]
[WhiteElo "2080"]
[BlackElo "2322"]
[PlyCount "94"]
[EventDate "2019.01.10"]
[EventType "swiss"]
[EventRounds "7"]
[EventCountry "BRA"]
[SourceTitle "CBM 188 Extra"]
[Source "ChessBase"]
[SourceDate "2019.02.28"]
[SourceVersion "1"]
[SourceVersionDate "2019.02.28"]
[SourceQuality "1"]

1. d4 d5 2. c4 c6 3. Nf3 Nf6 4. Nc3 e6 5. e3 Nbd7 6. Bd3 dxc4 7. Bxc4 b5 8. Bd3 Bb7 9. 0-0 Bd6 10. e4 e5 11. Qe2 h6 12. dxe5 Nxe5 13. Nxe5 Bxe5 14. f4 Bd4+ 15. Be3 0-0 16. Rad1 Bxe3+ 17. Qxe3 Ng4 18. Qc5 Qb6 19. Qxb6 axb6 20. Rd2 b4 21. Nd1 Rxa2 22. Bc4 Ra1 23. e5 h5 24. h3 Nh6 25. Ne3 Rxf1+ 26. Kxf1 b5 27. Be2 h4 28. Rd7 Ba8 29. Rc7 Re8 30. Bf3 g6 31. Ke2 Kg7 32. e6 Kf8 33. exf7 Nxf7 34. Bxc6 Bxc6 35. Rxc6 Re4 36. Kf3 Rd4 37. Rb6 Rd2 38. Rxb5 Rxb2 39. Rb7 Rb1 40. Kg4 Rb3 41. Nd5 Rg3+ 42. Kxh4 Rxg2 43. Nxb4 Kg8 44. Rb8+ Kg7 45. Rb7 Kf8 46. Rb8+ Kg7 47. Rb7 Kf8 1/2-1/2

[Event "Brasilia Marista op IRT"]
[Site "Brasilia"]
[Date "2018.08.27"]
[Round "4.1"]
[White "Pimenta, Jeronimo Marques"]
[Black "De Souza Sa, Apolo"]
[Result "1/2-1/2"]
[WhiteElo "2095"]
[BlackElo "1991"]
[PlyCount "69"]
[EventDate "2018.08.26"]
[EventType "swiss"]
[EventRounds "5"]
[EventCountry "BRA"]
[SourceTitle "CBM 186 Extra"]
[Source "ChessBase"]
[SourceDate "2018.08.24"]
[SourceVersion "1"]
[SourceVersionDate "2018.08.24"]
[SourceQuality "1"]

1. d4 Nf6 2. c4 g6 3. Nc3 d5 4. cxd5 Nxd5 5. e4 Nxc3 6. bxc3 Bg7 7. Nf3 c5 8. Bc4 Nc6 9. Bb2 0-0 10. d5 Na5 11. Be2 Qc7 12. Qc2 c4 13. 0-0 e5 14. Ba3 Rd8 15. Bb4 b6 16. Rfd1 Bf8 17. Bxa5 bxa5 18. Qa4 Ba6 19. Qc6 Qxc6 20. dxc6 f6 21. Nd2 Rac8 22. Bxc4+ Bxc4 23. Nxc4 Rxd1+ 24. Rxd1 Rxc6 25. Nxa5 Rxc3 26. Nb3 Rc2 27. Rd2 Rxd2 28. Nxd2 Bc5 29. Kf1 h5 30. h3 Kf7 31. Ke2 Ke6 32. f3 Kd6 33. Kd3 Kc6 34. Kc4 Be3 35. Nb1 1/2-1/2

[Event "Brasilia Marista op IRT"]
[Site "Brasilia"]
[Date "2018.08.26"]
[Round "1.2"]
[White "Reis, Helton Wanderson Da"]
[Black "Pimenta, Jeronimo Marques"]
[Result "0-1"]
[WhiteElo "1286"]
[BlackElo "2095"]
[PlyCount "120"]
[EventDate "2018.08.26"]
[EventType "swiss"]
[EventRounds "5"]
[EventCountry "BRA"]
[SourceTitle "CBM 186 Extra"]
[Source "ChessBase"]
[SourceDate "2018.08.24"]
[SourceVersion "1"]
[SourceVersionDate "2018.08.24"]
[SourceQuality "1"]

1. c4 Nf6 2. Nc3 e6 3. g3 d5 4. cxd5 exd5 5. d4 Bd6 6. Bg2 c6 7. Nf3 Bg4 8. 0-0 Qc7 9. Nh4 0-0 10. Qc2 Nbd7 11. Bg5 h6 12. Bxf6 Nxf6 13. Nf5 Rfe8 14. e3 Bf8 15. Nh4 Qd7 16. Rac1 Bh3 17. a3 Bxg2 18. Kxg2 Ne4 19. Nf3 Bd6 20. Nd2 Re7 21. Ndxe4 dxe4 22. Nxe4 Bc7 23. Qd3 Rae8 24. Nd2 f5 25. Rfe1 Qd5+ 26. Kg1 f4 27. Qc4 fxe3 28. Qxd5+ cxd5 29. Rxe3 Bb6 30. Rxe7 Rxe7 31. Nf3 Re2 32. b4 Ra2 33. Rc3 Kf7 34. Ne5+ Ke6 35. Nf3 Kd6 36. Rd3 g6 37. Ne5 Ke6 38. Nf3 Kd6 39. h3 a5 40. bxa5 Bxa5 41. Ne5 Ke6 42. Nf3 Bc7 43. Nd2 Bd6 44. Nb1 Ra1 45. Rb3 Bxa3 46. Rxb7 Bd6 47. g4 Ra4 48. Kg2 Rxd4 49. Rh7 Bf8 50. Na3 Bxa3 51. Rxh6 Ke5 52. Rxg6 Bc1 53. Rg8 Rc4 54. Re8+ Kd4 55. Re1 Bd2 56. Rd1 Kd3 57. Ra1 Re4 58. Ra3+ Ke2 59. Rf3 Rf4 60. Rxf4 Bxf4 0-1

[Event "Cidade dos Azulejos op 3rd"]
[Site "Sao Luiz"]
[Date "2014.04.20"]
[Round "4"]
[White "Pimenta, Jeronimo Marques"]
[Black "Leitao, Nicolau Daulibe"]
[Result "1-0"]
[WhiteElo "2081"]
[BlackElo "2142"]
[PlyCount "59"]
[EventDate "2014.04.18"]
[EventType "swiss"]
[EventRounds "5"]
[EventCountry "BRA"]
[SourceTitle "EXT 2018"]
[Source "ChessBase"]
[SourceDate "2017.10.13"]
[SourceVersion "1"]
[SourceVersionDate "2017.10.13"]
[SourceQuality "1"]

1. d4 Nf6 2. c4 e6 3. Nf3 b6 4. g3 Bb7 5. Bg2 Be7 6. 0-0 0-0 7. Nc3 Ne4 8. Nxe4 Bxe4 9. Ne5 Bxg2 10. Kxg2 d6 11. Nd3 d5 12. Qc2 Nc6 13. e3 Na5 14. c5 Qc8 15. b3 Qa6 16. Bd2 Rfe8 17. Bxa5 bxa5 18. a3 f6 19. b4 e5 20. bxa5 e4 21. Nb4 Qe6 22. Qa4 f5 23. Qc6 Qxc6 24. Nxc6 Bf6 25. Rab1 Re6 26. Rb8+ Rxb8 27. Nxb8 Re8 28. Rb1 Kf7 29. Rb7 Re6 30. Na6 1-0